MARC details
| 000 -LEADER |
| fixed length control field |
02144nam a2200349 a 4500 |
| 001 - CONTROL NUMBER |
| control field |
000308970 |
| 003 - CONTROL NUMBER IDENTIFIER |
| control field |
AM-YeHGA |
| 005 - DATE AND TIME OF LATEST TRANSACTION |
| control field |
20250618071956.0 |
| 008 - FIXED-LENGTH DATA ELEMENTS--GENERAL INFORMATION |
| fixed length control field |
040216s1938 ai ||||gr|||||||||||arm|d |
| 040 ## - CATALOGING SOURCE |
| Original cataloging agency |
AM-YeHGA |
| 041 0# - LANGUAGE CODE |
| Language code of text/sound track or separate title |
arm |
| 090 ## - LOCALLY ASSIGNED LC-TYPE CALL NUMBER (OCLC); LOCAL CALL NUMBER (RLIN) |
| -- |
115399 |
| 100 1# - MAIN ENTRY--PERSONAL NAME |
| Personal name |
Տերտերյան, Արսեն Հարությունի, |
| Dates associated with a name |
1882-1953 |
| 9 (RLIN) |
1709 |
| 245 10 - TITLE STATEMENT |
| Title |
Հայոց նոր գրականության պատմություն : |
| Remainder of title |
XIX-XX դ.դ. : (Սղագրված դասախոս. ձեռագրի իրավունքով) / |
| Statement of responsibility, etc. |
Ա. Տերտերյան; ՀԽՍՀ Լուսժողկոմատ; Յերևանի պետ. համալս. |
| 260 ## - PUBLICATION, DISTRIBUTION, ETC. |
| Place of publication, distribution, etc. |
Յերևան : |
| Name of publisher, distributor, etc. |
Պետհամալսհրատ., |
| Date of publication, distribution, etc. |
1938. |
| 300 ## - PHYSICAL DESCRIPTION |
| Extent |
Պր. ; |
| Dimensions |
31 սմ. |
| 500 ## - GENERAL NOTE |
| General note |
Ապակետիպ |
| 505 00 - FORMATTED CONTENTS NOTE |
| Miscellaneous information |
Պր. I (1938, 61 էջ) : |
| Title |
Վ. Փափազյան |
| Miscellaneous information |
Պր. II (Ա. տ. և թ., 80 էջ) : |
| Title |
Հ. Հովհաննիսյան |
| Miscellaneous information |
Պր. III (Ա. տ. և թ., 94 էջ) : |
| Title |
Հ. Թումանյան |
| Miscellaneous information |
Պր. IV (1939, 72 էջ) : |
| Title |
Ա. Ծատուրյան |
| Miscellaneous information |
Պր. V (1939, 111 էջ) : |
| Title |
Ավ. Իսահակյան |
| Miscellaneous information |
Պր. VI (1939, 43 էջ) : |
| Title |
Շ. Կուրղինյան |
| Miscellaneous information |
Պր. VII (1939, 76 էջ) : |
| Title |
Հ. Հակոբյան |
| Miscellaneous information |
Պր. VIII (1939, 58 էջ) : |
| Title |
Վ. Տերյան |
| 600 14 - SUBJECT ADDED ENTRY--PERSONAL NAME |
| Personal name |
Փափազյան, Վ. |
| 600 14 - SUBJECT ADDED ENTRY--PERSONAL NAME |
| Personal name |
Հովհաննիսյան, Հովհաննես Մկրտչի, |
| Dates associated with a name |
1864-1929 |
| 9 (RLIN) |
3945 |
| 600 14 - SUBJECT ADDED ENTRY--PERSONAL NAME |
| Personal name |
Թումանյան, Հովհաննես Թադևոսի, |
| Dates associated with a name |
1869-1923 |
| 9 (RLIN) |
1108 |
| 600 14 - SUBJECT ADDED ENTRY--PERSONAL NAME |
| Personal name |
Ծատուրյան, Ալեքսանդր Հովսեփի, |
| Dates associated with a name |
1865-1917 |
| 9 (RLIN) |
1663 |
| 600 14 - SUBJECT ADDED ENTRY--PERSONAL NAME |
| Personal name |
Իսահակյան, Ավետիք Սահակի, |
| Dates associated with a name |
1875-1957 |
| 9 (RLIN) |
963 |
| 600 14 - SUBJECT ADDED ENTRY--PERSONAL NAME |
| Personal name |
Կուրղինյան, Շուշանիկ Հարությունի, |
| Dates associated with a name |
1876-1927 |
| 9 (RLIN) |
3841 |
| 600 14 - SUBJECT ADDED ENTRY--PERSONAL NAME |
| Personal name |
Հակոբյան, Հակոբ |
| 600 14 - SUBJECT ADDED ENTRY--PERSONAL NAME |
| Personal name |
Տերյան, Վահան Սուքիասի, |
| Dates associated with a name |
1885-1920 |
| 9 (RLIN) |
1686 |
| 650 14 - SUBJECT ADDED ENTRY--TOPICAL TERM |
| Topical term or geographic name entry element |
Հայ գրականության պատմություն |
| 9 (RLIN) |
4711 |
| 710 2# - ADDED ENTRY--CORPORATE NAME |
| Corporate name or jurisdiction name as entry element |
Լուսժողկոմատ ՀԽՍՀ |
| 711 2# - ADDED ENTRY--MEETING NAME |
| Meeting name or jurisdiction name as entry element |
Երևանի պետական համալսարան |
| 856 41 - ELECTRONIC LOCATION AND ACCESS |
| Uniform Resource Identifier |
<a href="http://serials.flib.sci.am/Founders/Terteryan-prak-3/book/index.html#page/1/mode/2up">http://serials.flib.sci.am/Founders/Terteryan-prak-3/book/index.html#page/1/mode/2up</a> |
| Link text |
կարդալ առցանց |
| 942 ## - ADDED ENTRY ELEMENTS (KOHA) |
| Source of classification or shelving scheme |
Universal Decimal Classification |
| Koha item type |
Գրքեր / Books |